Ad vocem "Štátne ceny"

Bibliographic Details
Format: Article
Language:Slovak
Subjects:

MARC

LEADER 00000nab a22000001a 4500
001 vtls009315113
003 SK-MaSNL
005 20260304182943.0
008 250507c1931 xo |r|p|||| |000 b|slo
015 |a SNBRRBVU1918-1938 
015 |a SNBRB1918-1938 
035 |a (uuid)9f34d517-fda7-4b79-85b5-d976fcedc670 
035 |a urn:nbn:sk:snk-abetmu 
035 |a (urnnbn)urn:nbn:sk:snk:ar-0020h8 
038 |a SNKBUCL 
040 |a SNKBUCL  |b slo  |c SNKBUCL  |e AACR2 
041 0 |a slo 
044 |a xo  |c SK 
080 |a 75.071.1  |2 1997 
080 |a 821.162.4:06.068  |2 1997 
080 |a 929 Mitrovský, Milan Thomka  |2 1997 
245 0 0 |a Ad vocem "Štátne ceny" 
600 1 7 |a Mitrovský, Milan Thomka,  |d 1875-1943  |2 snkbucl  |9 105664 
650 0 7 |a 1930  |2 snkbucl  |9 1514419 
650 0 7 |a umelecké ceny  |2 MM  |9 1035350 
655 7 |a biografické poznámky  |2 MM  |9 409835 
773 0 |t Slovenské pohľady  |g Roč. 47, č. 1 (1931), s. 61-62 
850 |a Slovenská národná knižnica 
852 |a Slovenská národná knižnica 
910 |a snkrbvumm 
954 |a odborná, vedecká literatúra pôvodná (slovenská)  |2 lita 
958 |a article27 
958 |a EUIPO 
958 |a OND 
958 |a VY 
958 |a BX 
999 |c 3032113  |d 3034043